Relativité et quanta: les grandes théories de la physique moderne

Saved in:
Bibliografiske detaljer
Main Authors: Costa de Beauregard, O (Author), Daudel, R (Author), Hillion, P (Author), Jouvet, Bernard (Author), Kichenassamy, S (Author)
Format: Bog
Sprog:fransk
Udgivet: París Masson 1968
Fag:
Tags: Tilføj Tag
Ingen Tags, Vær først til at tagge denne postø!

MARC

LEADER 00000nam a2200000 a 4500
001 UCT3163
003 CL-VaPUC
008 961018e19680000FR |||||||||||||||||fre|d
082 0 4 |a 539  |b COS  |2 21 
100 0 |a Costa de Beauregard, O  |e author  |9 372105 
700 0 |a Daudel, R  |e author  |9 372106 
700 0 |a Hillion, P  |e author  |9 372107 
700 0 |a Jouvet, Bernard  |e author  |9 372108 
700 0 |a Kichenassamy, S  |e author  |9 372109 
245 1 0 |a Relativité et quanta: les grandes théories de la physique moderne 
300 |a 231 p 
942 |c BK 
945 |d 19961018 00:00:00  |a paguirre 
260 |a París  |b Masson  |c 1968 
650 0 |a Física   |9 227844 
650 0 |a Teoría de la relatividad   |9 266149 
650 0 |a Teoría cuántica  |9 266148 
650 7 |a QUIMICA CUANTICA  |2 CL-VaPUC  |9 372110 
650 0 |a Dinámica  |9 260136 
650 0 |a Electromagnetismo   |9 260123 
650 0 |a Espacio  |9 336785 
650 0 |a Tiempo   |9 267892 
650 0 |a Mecánica   |9 260096 
650 0 |a Moléculas   |9 259584 
650 0 |a partículas elementales  |9 349874 
583 |a last modification  |c 19961018 00:00:00  |k Rodrigo Vera 
999 |c 252927  |d 252925